000 00911nam a2200229Ia 4500
001 8674
003 GE_BSU
008 181216s||||||||xx |||||||||||||| ||und||
040 _cGE_BSU
080 _a821.353.1-1
100 _aიოსელიანი,შალვა
245 _aსიმღერები:მზიური საბჭოთა აჭარის ბედნიერ ახალგაზრდობას
245 _bლექსები
245 _cრედ:დ.დუმბაძე
260 _aბათუმი.
260 _bაჭარის სახელმწიფო გამ-ბა.
260 _c1937.
300 _a25გვ;14სმ.
653 _aლექსები
653 _aსიმღერები:მზიური საბჭოთა აჭარის ბედნიერ ახალგაზრდობას
942 _cBK
999 _c41988
_d41988